| 000 | 00000nam##2200000za#4500 |
| 001 | 9.635454 |
| 003 | CaOODSP |
| 005 | 20210624220249 |
| 007 | cr ||||||||||| |
| 008 | 150407|2007||||xxc|||||o f|0| 0 fre|d |
| 020 | |a978-0-662-04259-4 |
| 040 | |aCaOODSP|bfre |
| 043 | |an-cn--- |
| 086 | 1 |aH34-172/1-2007F-PDF |
| 110 | 1 |aCanada.|bSanté Canada. |bDirection générale de la santé des Premières nations et des Inuits. |
| 245 | 10|aExamen des besoins en soins continus au sein des communautés des Inuits : |h[ressource électronique]|bévaluation des besoins de soins continus dans les communautés des Premières nations et des Inuits / |crédigé pour Santé Canada par Hollander Analytical Services Ltd. en collaboration avec la Régie régionale de la santé et des services sociaux du Nunavik. |
| 260 | |aOttawa - Ontario : |bSanté Canada. |cc2008. |
| 300 | |a170p.|bcarte en couleur, graphiques, références, tableaux |
| 500 | |aLe n° de catalogue (H34-172/1-2007F) et l’ISBN (978-0-662-09066-3) de l'édition imprimée ont été incorrectement copiés dans la version PDF. |
| 590 | |a10-10-Supp|b2010-11-09 |
| 691 | 07|aSoins de santé|2gcpds |
| 775 | 08|tAn examination of continuing care requirements in Inuit communities : |w(CaOODSP)9.691119 |
| 856 | 40|ahttp://publications.gc.ca|qPDF|s2867 Ko|uhttps://publications.gc.ca/collections/collection_2009/sc-hc/H34-172-1-2007F.pdf |
| 986 | |aSc N° Pub. : 3471 |